000 00514nam a2200157 u 4500
001 000020337
005 20200929170355.0
008 100813s1962 pr 000 0 spa d
040 _aDO-SdBNP
_bspa
_cBNPHU
082 _a616.89
_bR828t
100 1 _aRosselló, Juan A.
_q(Juan Antonio)
_942988
245 1 0 _aTratado general de psiquiatría /
_cJuan A. Rosselló ... [et al.].
260 _aRío Piedras, Perto Rico :
_bUniversidad de Puerto Rico,
_c1962.
300 _a800 p. ;
_c25 cm.
650 4 _aPsiquiatria
_918234
999 _c19841
_d19841